[Event "Graz op"]
[Site "Graz"]
[Date "1994.??.??"]
[Round "2"]
[White "Stajcic, Nikola"]
[Black "Pfaffel, Thomas"]
[Result "1-0"]
[WhiteElo "2350"]
[BlackElo "2115"]

1.d4 Nf6 2.c4 e6 3.Nc3 d5 4.Nf3 c6 5.e3 Nbd7 6.Qc2 Bd6 7.b3 dxc4 8.bxc4 e5
9.Be2 O-O 10.O-O Re8 11.a4 exd4 12.exd4 Nf8 13.Rb1 Ng6 14.g3 Qa5 15.c5 Bf8
16.Bc4 h6 17.Qxg6 Qxc3 18.Bxf7+ Kh8 19.Rb3  1-0

[Event "Graz op"]
[Site "Graz"]
[Date "1994.??.??"]
[Round "4"]
[White "Deutsch, Ludwig"]
[Black "Riemelmoser, Oliver"]
[Result "1-0"]
[WhiteElo "2210"]
[BlackElo "2055"]

1.c4 Nf6 2.Nf3 e6 3.Nc3 d5 4.d4 c6 5.e3 Nbd7 6.Bd3 dxc4 7.Bxc4 b5 8.Bd3 a6
9.O-O Bb7 10.b3 c5 11.Bb2 Be7 12.Qe2 O-O 13.Rfd1 Qb6 14.Rac1 Rac8 15.a4 c4
16.bxc4 bxc4 17.Bc2 Bb4 18.Rb1 Qc7 19.e4 Rfd8 20.Ba1 a5 21.e5 Nd5 22.Nb5 Qb8
23.Ng5 Nf8 24.Qh5 g6 25.Qf3 Rd7 26.Ne4 Rc6 27.Nbd6 f5 28.Nc5 Bxc5 29.dxc5 Rxc5
30.Bd4 Rc6 31.Rb5 Nb4 32.Qc3 Qa8 33.f3 Rdc7 34.h4 Ra6 35.Nxb7 Rxb7 36.Qxc4 Rd7
37.Bc5 Rxd1+ 38.Bxd1 Qc8 39.Bb3 Nd7 40.Bd6 Rc6 41.Qxe6+ Kg7 42.Qe7+ Kh6 43.Kh2 Rc1
44.e6  1-0

[Event "Graz op"]
[Site "Graz"]
[Date "1994.??.??"]
[Round "6"]
[White "Ebner, Hubert"]
[Black "Jetzl, Joerg"]
[Result "1-0"]
[WhiteElo "2265"]
[BlackElo "2160"]

1.c4 e6 2.Nf3 d5 3.d4 c6 4.e3 Nf6 5.Nc3 Nbd7 6.Bd3 dxc4 7.Bxc4 b5 8.Bd3 a6
9.e4 c5 10.e5 cxd4 11.Nxb5 Ng4 12.Qa4 Bb7 13.Nbxd4 Bc5 14.Nxe6 Bxf2+ 15.Ke2 fxe6
16.Qxg4 Qb6 17.Qh5+ Kd8 18.Bg5+ Kc7 19.Rac1+ Kb8 20.Rc3 Nc5 21.Rd1 a5 22.Be7 Ka7
23.Qf7 Rhd8 24.Bxc5 Bxc5 25.Rb3 Qc6 26.Rxb7+ Qxb7 27.Qxb7+ Kxb7 28.Be4+ Kc7
29.Bxa8 Rxa8 30.Ng5 Kc6 31.Nxe6 Re8 32.Nd4+ Bxd4 33.Rxd4 Rxe5+ 34.Kf3 Rb5
35.b3 Rc5 36.Ke3 Re5+ 37.Re4 Rd5 38.Rd4 Rf5 39.Rf4 Re5+ 40.Kf3 Re1 41.Re4 Ra1
42.Ra4 Kb5 43.Kg4 Kb6 44.b4 axb4 45.Rxb4+ Kc5 46.Ra4 Kd5 47.Ra7 Ke5 48.Rxg7 Rxa2
49.Kh5 Kf6 50.Kh6 Ra4 51.g3 Ra2 52.h4 Kf5 53.Kxh7 Rg2 54.h5 Rh2 55.h6 Rh3
56.g4+  1-0

[Event "Groningen op"]
[Site "Groningen"]
[Date "1994.??.??"]
[Round "2"]
[White "Korotylev, Alexey"]
[Black "Hofman, Ron"]
[Result "1-0"]
[WhiteElo "2430"]
[BlackElo "2235"]

1.d4 Nf6 2.c4 c6 3.Nc3 d5 4.e3 e6 5.Nf3 Nbd7 6.Qc2 a6 7.b3 Bb4 8.Bd2 O-O
9.Bd3 Re8 10.O-O e5 11.dxe5 Nxe5 12.Nxe5 Rxe5 13.cxd5 cxd5 14.Ne2 Bd6 15.Ng3 Bd7
16.Bc3 Rc8 17.Qb2 Ng4 18.Bxe5 Bxe5 19.Qd2 Nxh2 20.Kxh2 Qh4+ 21.Kg1 Rc6 22.Rac1 Rh6
23.f4 Bf6 24.Rf3 Qh2+ 25.Kf1 Rh3 26.Qf2 Rxg3 27.Rxg3 Bh4 28.Rh3 Bxh3 29.Qxh4 Bxg2+
30.Ke2 Bh3+ 31.Qf2 Bg4+ 32.Ke1  1-0

[Event "Groningen op"]
[Site "Groningen"]
[Date "1994.??.??"]
[Round "3"]
[White "Arbakov, Valentin"]
[Black "Van de Oudeweetering, Arthur"]
[Result "0-1"]
[WhiteElo "2570"]
[BlackElo "2330"]

1.c4 c6 2.d4 d5 3.Nf3 Nf6 4.Nc3 e6 5.e3 Nbd7 6.Qc2 Bd6 7.Bd2 O-O 8.a3 Re8
9.Be2 e5 10.cxd5 cxd5 11.Nb5 Bb8 12.dxe5 Nxe5 13.Bc3 Bd7 14.Nxe5 Bxe5 15.Bxe5 Rxe5
16.Nd4 Rg5 17.O-O Rc8 18.Qd1 Bh3 19.Bf3 Ng4 20.Kh1 Qd6 21.Bxg4 Bxg4 22.Qd2 Rh5
23.g3 Re8 24.Rac1 Qe5 25.Kg1 Rh6 26.f3 Bh3 27.Rfe1 Rg6 28.Ne2 Rb6 29.Nd4 h5
30.b3 Qf6 31.Rc5 Qe7 32.Rxd5 g6 33.b4 Rf6 34.Qc3 b6 35.Nc6 Qe6 36.Re5 Qa2  0-1

[Event "Groningen op"]
[Site "Groningen"]
[Date "1994.??.??"]
[Round "4"]
[White "Arbakov, Valentin"]
[Black "Hofman, Ron"]
[Result "1-0"]
[WhiteElo "2570"]
[BlackElo "2235"]

1.d4 Nf6 2.c4 c6 3.Nf3 d5 4.Nc3 e6 5.e3 Nbd7 6.b3 Bb4 7.Bd2 O-O 8.Be2 Bd6
9.Qc2 Re8 10.O-O a6 11.Rfd1 b5 12.e4 b4 13.e5 bxc3 14.Bxc3 Bb8 15.exf6 Qxf6
16.Bd3 h6 17.Re1 Bb7 18.c5 a5 19.Re3 Ba6 20.Bxa6 Rxa6 21.Rae1 Bf4 22.R3e2 Rb8
23.Qd3 Raa8 24.g3 Bc7 25.Kg2 Nf8 26.Ne5 Bxe5 27.Rxe5 Ng6 28.R5e3 Ne7 29.h3 Qg6
30.Qd2 a4 31.b4 Nf5 32.Rd3 Kh7 33.a3 Qg5 34.Qd1 Rb7 35.Kh2 Qf6 36.Rf3 Qd8
37.Qd3 Kg8 38.Bd2 Qd7 39.Bf4 Qd8 40.g4 Nh4 41.Rfe3 Qf6 42.Bg3 Ng6 43.Rf3 Qg5
44.Bd6 Nh4 45.Rfe3 Ng6 46.Rf1 Nf4 47.Qd2 f6 48.Kg3 Ng6 49.f4 Qh4+ 50.Kh2 h5
51.f5 exf5 52.Bg3 Qg5 53.Rxf5 h4 54.Bd6  1-0

[Event "Groningen op"]
[Site "Groningen"]
[Date "1994.??.??"]
[Round "10"]
[White "Grabuzova, Tatiana"]
[Black "Fontaine, Robert"]
[Result "0-1"]
[WhiteElo "2380"]
[BlackElo "2155"]

1.d4 d5 2.c4 c6 3.Nf3 Nf6 4.Nc3 e6 5.e3 Nbd7 6.Qc2 Be7 7.b3 O-O 8.Bb2 b6
9.cxd5 cxd5 10.Bd3 Bb7 11.Rc1 Rc8 12.Qb1 a6 13.O-O Bd6 14.Rfd1 Qe7 15.Ne2 h6
16.Ne5 Bxe5 17.dxe5 Ng4 18.h3 Ngxe5 19.Bc2 Nc6 20.Qa1 Nf6 21.Bb1 Rc7 22.Ng3 Rfc8
23.e4 Nb8 24.Rxc7 Rxc7 25.exd5 Bxd5 26.Nf5 exf5 27.Bxf6 gxf6 28.Rxd5 Rc1+
29.Kh2 Qc7+ 30.g3 Qc6 31.Qb2 Kg7 32.Bxf5 Qxd5 33.Qxc1 Qxf5 34.Qc7 Qxf2+ 35.Kh1 Qe1+
36.Kg2 Qd2+  0-1

[Event "Haarlem AKN"]
[Site "Haarlem"]
[Date "1994.??.??"]
[Round "5"]
[White "Yewdokimov, Oleg"]
[Black "Cifuentes Parada, Roberto"]
[Result "0-1"]
[WhiteElo "2365"]
[BlackElo "2500"]

1.d4 Nf6 2.c4 e6 3.Nf3 d5 4.Nc3 c6 5.e3 Nbd7 6.Qc2 Bd6 7.Be2 O-O 8.O-O Re8
9.Rd1 Qe7 10.h3 h6 11.a3 a6 12.e4 Nxe4 13.Nxe4 dxe4 14.Qxe4 e5 15.Be3 Nf6
16.Qc2 e4 17.Nd2 Bf5 18.Nf1 Bg6 19.Re1 Rad8 20.Rad1 Nh5 21.c5 Bb8 22.Bc4 Nf6
23.Qc1 Nd5 24.Bxd5 Rxd5 25.Bf4 Bxf4 26.Qxf4 Red8 27.Qd2 f5 28.Ne3 Rxd4 29.Qxd4 Rxd4
30.Rxd4 f4 31.Nc4 Qxc5 32.Red1 Kh7 33.b4 Qg5 34.Kh2 e3 35.g3 fxg3+ 36.fxg3 e2
37.Re1 Qf6 38.Rf4 Qc3 39.Rxe2 Bd3  0-1

[Event "Hamburg-chJ1"]
[Site "Hamburg"]
[Date "1994.??.??"]
[Round "?"]
[White "Buhr, Carl Christian"]
[Black "Wilhelmi, Christian"]
[Result "1/2-1/2"]
[WhiteElo "2185"]
[BlackElo "2265"]

1.d4 d5 2.c4 e6 3.Nc3 c6 4.e3 Nf6 5.Nf3 Nbd7 6.Qc2 Bd6 7.Be2 O-O 8.b3 Re8
9.O-O b6 10.e4 Nxe4 11.Nxe4 dxe4 12.Qxe4 Bb7 13.Bg5 Nf6 14.Qc2 h6 15.Bh4 c5
16.Rad1 Be4 17.Qb2 Qe7 18.dxc5 Bxc5 19.Ne5 g5 20.Bg3 Rad8 21.h4 Ba8 22.hxg5 hxg5
23.Bf3 Bxf3 24.gxf3 Rxd1 25.Rxd1 Rd8 26.Rd2 Rxd2 27.Qxd2 Nh5 28.Nc6 Qf6 29.Be5 Qxf3
30.Qd8+ Kh7 31.Qh8+ Kg6 32.Qg8+ Kf5 33.Qxf7+ Ke4 34.Qxf3+ Kxf3 35.Bd4 Nf4
36.Kf1 Nd3 37.Bxc5 bxc5 38.Nxa7 Nxf2 39.Nc6 Nd3 40.b4 cxb4 41.Nd4+ Ke4 42.Nxe6 g4
43.Kg2 Ke5 44.Nd8 Kd4 45.Nc6+ Kc5 46.Na5 Ne5 47.Kg3 Nxc4 48.Nb3+ Kd5 49.Kxg4 Ne3+
50.Kf3 Nd1 51.Na1  1/2-1/2

[Event "Hamburg-ch"]
[Site "Hamburg"]
[Date "1994.??.??"]
[Round "3"]
[White "Hegeler, Frank"]
[Black "Meyer, Falko"]
[Result "1/2-1/2"]
[WhiteElo "2220"]
[BlackElo "2260"]

1.d4 Nf6 2.c4 c6 3.Nc3 d5 4.e3 e6 5.Nf3 Nbd7 6.Bd3 Be7 7.O-O O-O 8.e4 dxe4
9.Nxe4 c5 10.dxc5 Nxe4 11.Bxe4 Nxc5 12.Bc2 Qxd1 13.Rxd1 Bf6 14.Bf4 Nd7 15.Bd6 Rd8
16.Bc7 Rf8 17.Rab1 g6 18.b4 Be7 19.a4 Nf6 20.Bd6 Bxd6 21.Rxd6 a6 22.Ne5 Ne8
23.Rd8 Nc7 24.Rbd1 f6 25.Ng4 Rxd8 26.Rxd8+ Kf7 27.Ne3 Ne8 28.Be4 Ke7 29.Rd1 Bd7
30.Bxb7 Rb8 31.Bxa6 Bxa4 32.Rb1 Nc7 33.Bb5 Nxb5 34.cxb5 Bxb5 35.Ra1 h5 36.Ra7+ Kd6
37.h4 Ke5 38.f3 Bd3 39.Rd7 Bb5 40.Rd2 f5 41.g3 Ra8 42.Kf2 Ra3 43.Nc2 Rb3
44.f4+ Kf6 45.Nd4 Rxb4 46.Nf3 Bc6 47.Ne5 Bd5 48.Rc2 Rb7  1/2-1/2

[Event "Hamburg-ch"]
[Site "Hamburg"]
[Date "1994.??.??"]
[Round "8"]
[White "Hegeler, Frank"]
[Black "Nogly, Christoph"]
[Result "1-0"]
[WhiteElo "2220"]
[BlackElo "2230"]

1.d4 d5 2.c4 c6 3.Nf3 Nf6 4.Nc3 e6 5.e3 Nbd7 6.Bd3 dxc4 7.Bxc4 b5 8.Bd3 a6
9.e4 c5 10.d5 c4 11.Bc2 Nc5 12.Bg5 b4 13.Na4 exd5 14.e5 b3 15.axb3 cxb3 16.exf6 gxf6
17.Nxc5 bxc2 18.Qe2+ Qe7 19.Be3 Rg8 20.Qxc2 Rg4 21.O-O Rc4 22.Qxh7 Rxc5 23.Bxc5 Qxc5
24.Rac1 Qb6 25.Qd3 Bd6 26.Rfe1+ Be6 27.Qxd5 Rd8 28.Rxe6+ fxe6 29.Qxe6+ Kf8
30.Qxf6+ Kg8 31.Qg6+ Kf8 32.Qf6+ Kg8 33.Qg6+ Kf8 34.Qf5+ Kg7 35.Qg5+ Kf8
36.Qh6+ Kg8 37.Qg5+ Kf8 38.g3 Be7 39.Qf4+ Kg7 40.Qe5+ Kf8 41.Qh8+ Kf7 42.Ne5+ Ke6
43.Qh6+  1-0

[Event "EU-ch U18"]
[Site "Hania"]
[Date "1994.??.??"]
[Round "3"]
[White "Kempinski, Robert"]
[Black "Stojanovic, Mihajlo"]
[Result "1-0"]
[WhiteElo "2385"]
[BlackElo "2315"]

1.d4 d5 2.Nf3 Nf6 3.c4 c6 4.Nc3 e6 5.e3 Nbd7 6.Qc2 Bd6 7.g4 Nxg4 8.Rg1 Nxh2
9.Nxh2 Bxh2 10.Rxg7 Nf8 11.Rg2 Bc7 12.Bd2 Ng6 13.O-O-O Nh4 14.Rg1 Qf6 15.cxd5 Nf3
16.Ne4 Qe7 17.dxc6 Nxg1 18.Bb5 b6 19.Rxg1 f5 20.Nc3 Qf7 21.e4 Rg8 22.Re1 Kd8
23.exf5 Qxf5 24.Qxf5 exf5 25.Nd5 a6 26.Nxc7 Ra7 27.Bc4 Rg4 28.Nd5 Rag7 29.Nxb6 Rg1
30.Nxc8 Kxc8 31.Bf1 h5 32.Bf4 Kd8 33.Kd2 h4 34.Bxa6  1-0

[Event "EU-ch U18"]
[Site "Hania"]
[Date "1994.??.??"]
[Round "6"]
[White "Banikas, Hristos"]
[Black "Stojanovic, Mihajlo"]
[Result "1/2-1/2"]
[WhiteElo "2315"]
[BlackElo "2315"]

1.d4 d5 2.c4 c6 3.Nc3 Nf6 4.e3 e6 5.Nf3 Nbd7 6.Qc2 Bd6 7.Be2 O-O 8.O-O Qe7
9.h3 b6 10.e4 Nxe4 11.Nxe4 dxe4 12.Qxe4 Bb7 13.Bf4 Rfd8 14.Rfd1 h6 15.Rac1 Nf6
16.Bxd6 Qxd6 17.Qe3 c5 18.dxc5 Qxc5 19.Qxc5 bxc5 20.Ne5 Kf8  1/2-1/2

[Event "EU-ch U18"]
[Site "Hania"]
[Date "1994.??.??"]
[Round "8"]
[White "Hausrath, Daniel"]
[Black "Stojanovic, Mihajlo"]
[Result "1/2-1/2"]
[WhiteElo "2320"]
[BlackElo "2315"]

1.d4 d5 2.c4 c6 3.Nf3 Nf6 4.Nc3 e6 5.e3 Nbd7 6.Qc2 Bd6 7.Bd2 O-O 8.O-O-O Ng4
9.Be1 f5 10.h3 Ngf6 11.g4 Ne4 12.gxf5 exf5 13.cxd5 cxd5 14.Nxd5 Ndf6 15.Bc4 Kh8
16.Nxf6 Qxf6  1/2-1/2

[Event "Harkany op"]
[Site "Harkany"]
[Date "1994.??.??"]
[Round "1"]
[White "Ivan, Zoltan"]
[Black "Varga, Zoltan"]
[Result "0-1"]
[WhiteElo "2240"]
[BlackElo "2480"]

1.d4 Nf6 2.c4 e6 3.Nf3 d5 4.Nc3 c6 5.e3 Nbd7 6.Qc2 Bd6 7.cxd5 exd5 8.Bd3 O-O
9.Bd2 Re8 10.O-O-O b5 11.e4 b4 12.e5 bxc3 13.Bxc3 Bf8 14.exf6 Nxf6 15.Rhe1 h6
16.Rxe8 Qxe8 17.Re1 Qd8 18.Ne5 Qb6 19.Qa4 c5 20.Ba5 Qb7 21.f3 Be6 22.Bc3 Qb6
23.Ba5 Qd6 24.Kb1 Rc8 25.dxc5 Qxc5 26.Ba6 Rb8 27.Bc3 Qxc3  0-1

[Event "Hastings op9495"]
[Site "Hastings"]
[Date "1994.??.??"]
[Round "?"]
[White "Bates, Richard"]
[Black "Wells, Peter K"]
[Result "0-1"]
[WhiteElo "2285"]
[BlackElo "2490"]

1.d4 d5 2.c4 e6 3.Nc3 c6 4.e3 Nf6 5.Nf3 Nbd7 6.Bd3 dxc4 7.Bxc4 b5 8.Bd3 a6
9.e4 c5 10.e5 cxd4 11.Nxb5 Ng4 12.Qa4 Bb7 13.Nbxd4 Qb6 14.O-O Bc5 15.Be3 Nxe3
16.fxe3 h6 17.Nd2 O-O 18.Nc4 Qc7 19.Nf3 Bxf3 20.Rxf3 Nxe5 21.Nxe5 Qxe5 22.Qe4 Qxe4
23.Bxe4 Rab8 24.b3 Rfd8 25.Rc1 Bb6 26.g4 Rd2 27.Rc2 Rbd8 28.Rc6 R2d6 29.Rxd6 Rxd6
30.Kg2 a5 31.Kf1 Rd1+ 32.Kg2 Ra1 33.a4 Rc1 34.Bd3 g6 35.Bc4 Rc2+ 36.Rf2 Rc3
37.Rd2 Bxe3 38.Rd8+ Kg7 39.Ra8 Bd2 40.Ra7 Kf6 41.h3 Rc2 42.Rd7 Bc3+ 43.Kf3 Be1
44.Rd1 Bb4 45.Rd7 Rh2 46.Bf1 Rd2 47.Rxd2 Bxd2 48.Bb5 Ke7 49.Ke2 Bb4 50.h4 Kf8
51.Kf2 Kg7 52.Bd7 Kf6 53.Be8 Bc3 54.Bd7 Ke7 55.Bc8 f5 56.Kf3 h5 57.gxh5 gxh5
58.Kg3 Bd2 59.Ba6 Kf6 60.Bb5 e5 61.Be8 Be1+ 62.Kh3 e4 63.Bxh5 Ke5 64.Bf7 Kf4
65.h5 e3 66.Bc4 Kf3 67.h6 e2 68.h7 Bc3 69.Bxe2+ Kxe2 70.b4 f4  0-1

[Event "Hastings op9495"]
[Site "Hastings"]
[Date "1994.??.??"]
[Round "?"]
[White "Bisby, Daniel L"]
[Black "Jakubovics, Nicholas"]
[Result "1/2-1/2"]
[WhiteElo "2150"]
[BlackElo "2255"]

1.c4 Nf6 2.Nc3 e6 3.Nf3 d5 4.d4 c6 5.e3 Nbd7 6.Bd3 dxc4 7.Bxc4 b5 8.Bd3 a6
9.e4 c5 10.d5 c4 11.Bc2 Nc5 12.Bg5 b4 13.Na4 exd5 14.e5 h6 15.Bh4 g5 16.exf6 gxh4
17.O-O Bb7 18.Qd4 Qc7 19.Rfe1+ Kd8 20.Re7 Bxe7 21.fxe7+ Qxe7 22.Re1 Ne6 23.Qxh8+ Kc7
24.Qxh6 Rd8 25.Nd4 Kb8 26.Nxe6 Bc8 27.Qf4+ Rd6 28.b3 Bxe6 29.bxc4 dxc4 30.h3 Kc8
31.Bf5 Qc7 32.Bxe6+ fxe6 33.Qxh4 c3 34.Qxb4 c2 35.Nc3 Rd3 36.Ne2 Rd1 37.Nc1 Qe5
38.Qc4+ Kd8 39.Rf1 Qb2 40.Qf4 Qb5 41.Qf6+ Kd7 42.Qf7+ Kd8  1/2-1/2

[Event "Hastings op9495"]
[Site "Hastings"]
[Date "1994.??.??"]
[Round "?"]
[White "Sagall, Roy"]
[Black "Muir, Andrew J"]
[Result "0-1"]
[WhiteElo "2135"]
[BlackElo "2325"]

1.Nf3 e6 2.d4 d5 3.c4 c6 4.e3 Nf6 5.Nc3 Nbd7 6.Qc2 Bd6 7.Be2 O-O 8.O-O dxc4
9.Bxc4 b5 10.Be2 Bb7 11.Rd1 Qc7 12.h3 a6 13.a4 b4 14.Nb1 c5 15.Nbd2 Rac8
16.b3 Qb8 17.Nc4 cxd4 18.Nxd4 Ne5 19.Qa2 Nxc4 20.Bxc4 Ne4 21.Bb2 Bh2+ 22.Kf1 Nxf2
23.Kxf2 Qg3+ 24.Ke2 Qxg2+ 25.Kd3 Be4+  0-1

[Event "Havana op"]
[Site "Havana"]
[Date "1994.??.??"]
[Round "4"]
[White "Matamoros Franco, Carlos S"]
[Black "Alonso, Rene"]
[Result "1-0"]
[WhiteElo "2400"]
[BlackElo "2355"]

1.d4 d5 2.c4 c6 3.Nc3 Nf6 4.e3 e6 5.Nf3 Nbd7 6.Qc2 Bd6 7.g4 h6 8.h3 Qe7 9.Bd2 a6
10.e4 dxe4 11.Nxe4 Nxe4 12.Qxe4 Bb4 13.O-O-O Bxd2+ 14.Rxd2 c5 15.Bg2 cxd4
16.Qxd4 O-O 17.Rhd1 a5 18.Ne5 Nxe5 19.Qxe5 a4 20.a3 Ra6 21.f4 b6 22.Qd6 Qa7
23.Bc6 Ra5 24.Bb5 Ba6 25.Qe5 Bxb5 26.cxb5 Qb7 27.Kb1 Raa8 28.g5 hxg5 29.fxg5 Rac8
30.g6 Rc5 31.Qe3 fxg6 32.Rd7 Qf3 33.Qxe6+ Kh7 34.Qxb6 Qf5+ 35.Ka1 Rxb5 36.Qd4 Qf6
37.Ra7 Qxd4 38.Rxd4 Rf1+ 39.Ka2 Rf2 40.Rh4+ Kg8 41.Rb4 Rxb4 42.axb4 Rf3 43.Rxa4 Rxh3
44.b5 Kf7 45.b6 Rh8 46.Kb3 Ke6 47.Kc4 Kd7 48.Kb5 Rh2 49.Rb4 Kc8 50.Ka6 Kb8
51.Re4 Rh8 52.b4 g5 53.Re7 g4 54.Rxg7 g3 55.Rxg3 Rf8 56.Rg6 Rh8 57.b5 Rf8
58.b7 Rh8 59.Rc6  1-0

[Event "Havana op"]
[Site "Havana"]
[Date "1994.??.??"]
[Round "7"]
[White "Blanco Fernandez, Alvaro"]
[Black "Slobodjan, Roman"]
[Result "1/2-1/2"]
[WhiteElo "2345"]
[BlackElo "2440"]

1.c4 c6 2.d4 d5 3.Nf3 Nf6 4.Nc3 e6 5.e3 Nbd7 6.Qc2 Bd6 7.b3 O-O 8.Be2 b6
9.O-O Bb7 10.e4 dxe4 11.Nxe4 Nxe4 12.Qxe4 Nf6 13.Qe3 c5 14.Bb2 Ng4 15.Qc3 Qf6
16.Ne5 cxd4 17.Nxg4 dxc3 18.Nxf6+ gxf6 19.Bxc3 Be5 20.Bxe5 fxe5 21.Rfd1 Rfd8
22.Rxd8+ Rxd8 23.Rd1 Rxd1+ 24.Bxd1 Kf8 25.Bc2 h6 26.f3 Ke7 27.Kf2 Bc6 28.Ke3 Kd6
29.b4 Be8 30.g4 f6 31.Kf2 Bf7 32.Kg3 Be8 33.h4  1/2-1/2

[Event "Hospitalet op"]
[Site "Hospitalet"]
[Date "1994.??.??"]
[Round "7"]
[White "Kindl, Peter"]
[Black "Spassov, Liuben"]
[Result "1/2-1/2"]
[WhiteElo "2340"]
[BlackElo "2430"]

1.d4 Nf6 2.Nf3 e6 3.c4 d5 4.Nc3 c6 5.e3 Nbd7 6.Bd3 dxc4 7.Bxc4 b5 8.Be2 Be7
9.O-O Bb7 10.Bd2 O-O 11.a3 a5 12.Qc2 Rc8 13.Rfd1 Qc7 14.Rac1 Qb8 15.Be1 b4
16.axb4 axb4 17.Na4 c5 18.Nxc5 Nxc5 19.dxc5 Bxc5 20.Qa4 Nd5 21.Nd4 h6 22.Qb5 Bd6
23.g3 Rxc1 24.Rxc1 Rc8 25.Rxc8+ Qxc8 26.Bd3 Be7 27.Nc2 Bc6 28.Qc4 Qd7 29.Bf1 Qb7
30.Nd4 Bd7  1/2-1/2

[Event "Hradec Kralove op"]
[Site "Hradec Kralove"]
[Date "1994.??.??"]
[Round "3"]
[White "Slezka, Vojtech"]
[Black "Stehlik, Jiri"]
[Result "1-0"]
[WhiteElo "2380"]
[BlackElo "2115"]

1.d4 d5 2.c4 c6 3.Nf3 Nf6 4.Nc3 e6 5.e3 Nbd7 6.Bd3 Bb4 7.O-O O-O 8.Qc2 Bd6
9.e4 dxe4 10.Nxe4 Nxe4 11.Bxe4 h6 12.b3 c5 13.Bb2 cxd4 14.Nxd4 a6 15.Rad1 Qe7
16.Rfe1 Nf6 17.Bd3 Qc7 18.Nf3 Qe7 19.Qd2 Ne8 20.Bb1 b6 21.Qd3 f5 22.Be5 Bc5
23.Bc3 Nf6 24.Ne5 Kh7 25.b4 Bxf2+ 26.Kxf2 Bb7 27.Qd6 Qe8 28.Kg1 b5 29.Nd7  1-0

[Event "Hradec Kralove op"]
[Site "Hradec Kralove"]
[Date "1994.??.??"]
[Round "8"]
[White "Slezka, Vojtech"]
[Black "Trefny, Vlastimil"]
[Result "1/2-1/2"]
[WhiteElo "2380"]
[BlackElo "2220"]

1.d4 d5 2.Nf3 Nf6 3.c4 e6 4.Nc3 c6 5.e3 Nbd7 6.Bd3 dxc4 7.Bxc4 b5 8.Bd3 a6
9.e4 c5 10.d5 Nb6 11.dxe6 Bxe6 12.Bg5 Be7 13.O-O O-O 14.Qe2 c4 15.Bc2 b4
16.Rad1 Nfd7 17.Bxe7 Qxe7 18.Nb1 Rac8 19.e5 Nc5 20.Rfe1 Nd5 21.Rd4 b3 22.axb3 cxb3
23.Be4 Nxe4 24.Qxe4 Qc5 25.Na3 Ne7 26.Rdd1 Bf5 27.Qb7 Bc2 28.Rd7 Rb8 29.Qxa6 Rfc8
30.e6 f6 31.Qd6 Qxd6 32.Rxd6 Nc6 33.e7 Nb4 34.Nd4 Nd3 35.e8=Q+ Rxe8 36.Rxe8+ Rxe8
37.Ndxc2 bxc2 38.Nxc2 Nxb2 39.Ne3 Nc4 40.Rd3 Nxe3 41.fxe3 Kf7 42.Kf2 Re7  1/2-1/2

[Event "HUN-chT 9394"]
[Site "?"]
[Date "1994.??.??"]
[Round "?"]
[White "Dao Thien Hai"]
[Black "Halasz, Tamas"]
[Result "1/2-1/2"]
[WhiteElo "2495"]
[BlackElo "2390"]

1.d4 d5 2.c4 e6 3.Nc3 c6 4.e3 Nf6 5.Nf3 Nbd7 6.Qc2 Bd6 7.a3 O-O 8.b4 dxc4
9.Bxc4 e5 10.O-O Qe7 11.Be2 Re8 12.Bb2 e4 13.Nd2 Nf8 14.Nc4 Bb8 15.b5 Ng4
16.h3 Nh2 17.Rfc1 Qh4 18.Ne5 Bxe5 19.dxe5 Nf3+ 20.Bxf3 exf3 21.Qe4 Qg5 22.Qxf3 Qxe5
23.bxc6 bxc6 24.Na4 Qd5 25.Qg3 Ng6 26.Bd4 Bf5 27.Rc5 Qd7 28.Rac1 Rec8 29.Qf3 Ne7
30.Qg3 Bg6 31.Ra5 Nf5 32.Qe5 f6 33.Qc5 Nxd4 34.Qxd4 Qxd4 35.exd4 Be8 36.Nc5 Rc7
37.Na6 Re7 38.Nb4 Rd8 39.Nxc6 Bxc6  1/2-1/2

[Event "HUN-chT 9394"]
[Site "?"]
[Date "1994.??.??"]
[Round "?"]
[White "Dobos, Jozsef"]
[Black "Siklosi, Zoltan"]
[Result "1/2-1/2"]
[WhiteElo "2315"]
[BlackElo "2365"]

1.d4 d5 2.c4 c6 3.Nc3 Nf6 4.e3 e6 5.Nf3 Nbd7 6.Qc2 Bd6 7.b3 O-O 8.Be2 Re8
9.O-O Qe7 10.Rd1 b6 11.e4 dxe4 12.Nxe4 Nxe4 13.Qxe4 Bb7 14.Bf4 Bxf4  1/2-1/2

[Event "HUN-chT 9394"]
[Site "?"]
[Date "1994.??.??"]
[Round "?"]
[White "Szabolcsi, Janos"]
[Black "Bali, Janos"]
[Result "1-0"]
[WhiteElo "2385"]
[BlackElo "2210"]

1.d4 d5 2.c4 e6 3.Nc3 c6 4.e3 Nf6 5.Nf3 Nbd7 6.Qc2 Bd6 7.Bd2 O-O 8.h3 a6
9.g4 dxc4 10.Bxc4 Nd5 11.e4 Nb4 12.Qb1 b5 13.Be2 c5 14.e5 cxd4 15.Nxb5 d3
16.Nxd6 Nc2+ 17.Kd1 dxe2+ 18.Kxc2 Nxe5 19.Nxe5 Qxd6 20.Nc4 Qc7 21.b3 Bb7
22.Kb2 Bxh1 23.Qxh1 a5 24.Qe4 a4 25.b4 Qh2 26.Qf3 Qc7 27.Qxe2 Rfd8 28.Be3 Qb7
29.Bc5 Qb5 30.Qc2 Rac8 31.Na3 Qb8 32.Re1 Rd5 33.Ka1 Qf4 34.Nc4 Rcd8 35.Rc1 h6
36.Be3 Qf6+ 37.Qb2 Qf3 38.b5 Rd1 39.b6 Rxc1+ 40.Bxc1 Rb8 41.Qd4 Rc8 42.Be3 Qxh3
43.Qd1 Qg2 44.f3 f5 45.b7 Rb8 46.Nd6 a3 47.Bc1 fxg4 48.fxg4 Qg3 49.Qd4 Qf3
50.Kb1 Kh7 51.Qc5 Qxg4 52.Bxa3 Rf8 53.Qc4 Qg3 54.Qc2+ Kg8 55.Qb3 Qe1+ 56.Bc1 Rb8
57.Qc4 Rf8 58.Qe4 Qa5 59.Qxe6+ Kh7 60.Qb3 Rb8 61.Qc2+ g6 62.Qd2 Qb6+ 63.Ka1 Kg8
64.Qd5+  1-0

[Event "HUN-chT 9394"]
[Site "?"]
[Date "1994.??.??"]
[Round "?"]
[White "Lengyel, Ferenc"]
[Black "Somlai, Laszlo"]
[Result "1/2-1/2"]
[WhiteElo "2285"]
[BlackElo "2360"]

1.d4 d5 2.c4 c6 3.Nc3 Nf6 4.Nf3 e6 5.e3 Nbd7 6.Bd3 dxc4 7.Bxc4 b5 8.Bd3 Bb7
9.e4 b4 10.Na4 c5 11.Nxc5 Bxc5 12.dxc5 Nxc5 13.Bb5+ Ke7 14.Qxd8+ Rhxd8 15.e5 Nd5
16.Bg5+ f6 17.Bd2 Rac8 18.Rd1 Ne4 19.O-O Nxd2 20.Rxd2 a6 21.Ba4 Nf4 22.Rxd8 Rxd8
23.Rd1 Bxf3 24.exf6+ gxf6 25.gxf3 Rxd1+ 26.Bxd1 Kd6 27.Bc2 h6 28.Kf1 Ke5
29.Ke1 Kd4 30.Kd2 a5 31.Be4 f5 32.Bc2 Nh3 33.Bb3 Nf4 34.Bc2 h5 35.Bb3 h4
36.Bc2 Nh3 37.Bb3 e5 38.Bc2 Ng5 39.Bd1 Nf7 40.Be2 Nd6 41.Bd3 Kd5 42.Kc2 Kc5
43.Kb3 Kc6 44.a3 Kc5 45.Ka4 bxa3 46.bxa3 Kb6 47.Kb3 f4 48.Bg6 Ka6 49.Bd3+ Kb7
50.Kc3 Kb6 51.Kb3 Kc5 52.Kc3 Nb5+ 53.Bxb5 Kxb5 54.Kb3 Kc5 55.Kc3 Kd5 56.Kd3 Kd6
57.Kc4 Kc6 58.h3 Kb6 59.Kb3 Kb5 60.a4+ Kb6 61.Kc2 Kc6 62.Kd2 Kd6 63.Kc2 Kc5
64.Kc3 Kd5 65.Kd3  1/2-1/2

[Event "HUN-chT 9394"]
[Site "?"]
[Date "1994.??.??"]
[Round "?"]
[White "Bernei, Andras"]
[Black "Foldi, Jozsef"]
[Result "1/2-1/2"]
[WhiteElo "2345"]
[BlackElo "2245"]

1.c4 e6 2.d4 d5 3.Nf3 c6 4.Nc3 Nf6 5.e3 Nbd7 6.Bd3 Bd6 7.O-O O-O 8.e4 dxc4
9.Bxc4 e5 10.Bg5 Qe7 11.d5 Nb6 12.Bb3 h6 13.Bxf6 Qxf6 14.h3  1/2-1/2

[Event "HUN-chT 9394"]
[Site "?"]
[Date "1994.??.??"]
[Round "?"]
[White "Lengyel, Ferenc"]
[Black "Kiss, Pal"]
[Result "1/2-1/2"]
[WhiteElo "2285"]
[BlackElo "2440"]

1.d4 d5 2.c4 c6 3.Nf3 Nf6 4.Nc3 e6 5.e3 Nbd7 6.Bd3 dxc4 7.Bxc4 b5 8.Bd3 a6
9.e4 c5 10.e5 cxd4 11.Nxb5 Nxe5 12.Nxe5 axb5 13.Bxb5+ Bd7 14.Bxd7+ Nxd7 15.Nxd7  1/2-1/2

[Event "HUN-chT 9394"]
[Site "?"]
[Date "1994.??.??"]
[Round "?"]
[White "Hoang Than Trang"]
[Black "Csom, Etelka"]
[Result "1/2-1/2"]
[WhiteElo "2260"]
[BlackElo "2110"]

1.d4 d5 2.c4 c6 3.Nf3 Nf6 4.Nc3 e6 5.e3 Nbd7 6.Qc2 Bd6 7.b3 O-O 8.Be2 e5
9.dxe5 Nxe5 10.cxd5 cxd5 11.Bb2 Be6 12.O-O Rc8 13.Rac1 Qc7 14.Nxe5 Bxe5 15.f4 Bxc3
16.Qxc3 Qxc3 17.Bxc3 Ne4 18.Bd4 a6 19.Rfd1 Rfe8 20.g4 g6 21.Kg2 f5 22.h3 Kf7
23.Be5 Rxc1 24.Rxc1 Rc8 25.Rxc8 Bxc8 26.Bf3 Bd7 27.Bd4 Ke7 28.Bd1 Kd6 29.g5 Bb5
30.h4 Ke6 31.h5 Bd3 32.h6 Kf7 33.Kf3 Ke6 34.Kg2 Kf7 35.Kf3 Ke6 36.Kg2  1/2-1/2

[Event "HUN-chT 9394"]
[Site "?"]
[Date "1994.??.??"]
[Round "?"]
[White "Portisch, Ferenc"]
[Black "Foldi, Jozsef"]
[Result "1/2-1/2"]
[WhiteElo "2385"]
[BlackElo "2245"]

1.d4 d5 2.c4 c6 3.Nf3 Nf6 4.Nc3 e6 5.e3 Nbd7 6.Qc2 Bd6 7.Be2 O-O 8.O-O dxc4
9.Bxc4 e5 10.h3 Qe7 11.Bd2 h6 12.Nh4 Nb6 13.Ng6 Qd8 14.Bb3 Re8 15.dxe5 Bxe5
16.Nxe5 Rxe5 17.e4 Be6 18.Bf4 Bxb3 19.Qxb3 Re6 20.Rad1 Qe7 21.f3 Qc5+ 22.Kh1 a5
23.Bc7 Nc4 24.Na4 Qb4 25.Nb6  1/2-1/2

[Event "HUN-chT 9394"]
[Site "?"]
[Date "1994.??.??"]
[Round "?"]
[White "Sarosi, Zoltan"]
[Black "Horvath, Peter"]
[Result "1/2-1/2"]
[WhiteElo "2355"]
[BlackElo "2395"]

1.d4 d5 2.Nf3 e6 3.c4 Nf6 4.Nc3 c6 5.e3 Nbd7 6.Bd3 dxc4 7.Bxc4 b5 8.Be2 Bb7
9.O-O Be7 10.e4 b4 11.e5 bxc3 12.exf6 Nxf6 13.bxc3 O-O 14.Rb1 Rb8 15.Qa4 Ba8
16.Bf4 Rxb1 17.Rxb1 Nd5 18.Bd2 Qc7 19.c4  1/2-1/2

[Event "HUN-chT 9394"]
[Site "?"]
[Date "1994.??.??"]
[Round "?"]
[White "Kecskes, Gabor"]
[Black "Halasz, Tamas"]
[Result "1/2-1/2"]
[WhiteElo "2195"]
[BlackElo "2390"]

1.d4 d5 2.c4 e6 3.Nc3 c6 4.e3 Nf6 5.Nf3 Nbd7 6.Qc2 Bd6 7.Be2 O-O 8.O-O Re8
9.Rd1 Qe7 10.b3 b6 11.e4 Nxe4 12.Nxe4 dxe4 13.Qxe4 Bb7 14.Bf4 Nf6 15.Qe3 Bxf4
16.Qxf4 c5 17.Ne5 Rad8 18.Bf3 Bxf3 19.Nxf3 cxd4 20.Qe5 Qc5 21.Rd3 Rd6 22.Rad1 Red8
23.Qf4 h6 24.Rxd4 e5 25.Rxd6 Rxd6 26.Qc1 Ne4 27.Rf1 f6 28.Qc2 Ng5 29.Nxg5 hxg5
30.Rd1 Qa5 31.a4 Qc3 32.Qb1 Qb2 33.h3 Qxb1 34.Rxb1 Rd2 35.Kf1 e4 36.Re1 Rb2
37.Rxe4 Rxb3 38.Re7 a5 39.Rb7 Rb4 40.Ke2 Rxa4 41.Kd3 Rb4 42.Kc3 Kh7 43.Ra7 Kg6
44.g4 Rb1 45.Ra6 Kh6 46.Kd4 Rb3 47.Kd5 Rb4 48.Ra7 a4 49.Ra6 Kg6 50.Ra7 Kh7
51.Ra8 Kg6 52.Ra7 Rb3 53.Rxa4 b5 54.cxb5 Rxb5+ 55.Ke4 Rb3 56.f3 Rb1 57.f4 Rb3
58.fxg5 Kxg5 59.Ra5+ Kg6  1/2-1/2